| 000 | 00784nam a22002177a 4500 | ||
|---|---|---|---|
| 001 | 65529 | ||
| 003 | BD-RjUL | ||
| 005 | 20211209081433.0 | ||
| 008 | 170308s1954 bg 000 f ben d | ||
| 035 | _a(BD-RjUL) 65659 | ||
| 040 |
_aBD-RjUL _bben _cBD-RjUL |
||
| 041 | _aben | ||
| 082 |
_a891.443 _bUDN 1954 _223 |
||
| 100 | 1 |
_aউদ্দিন, আহমদ পারেছ _9170482 |
|
| 245 | 1 | 0 |
_aনতুন যুগের মানুষ / _cআহমদ পারেছ উদ্দিন |
| 260 |
_aঢাকা : _bওয়ার্সী বুক সেন্টার, _c১৯৫৪ [১৩৬১] |
||
| 300 |
_a১৮৩ পৃ ; _c২২ সেমি. |
||
| 650 |
_aবাংলা উপন্যাস _9523 |
||
| 650 |
_aBengali Fiction _9524 |
||
| 942 |
_2ddc _cBK |
||
| 999 |
_c65529 _d65529 |
||